भारत में आरक्षण नीति / (Record no. 118435)
[ view plain ]
| 000 -LEADER | |
|---|---|
| fixed length control field | 01266nam a22002777a 4500 |
| 003 - CONTROL NUMBER IDENTIFIER | |
| control field | dpl |
| 005 - DATE AND TIME OF LATEST TRANSACTION | |
| control field | 20190423115757.0 |
| 008 - FIXED-LENGTH DATA ELEMENTS--GENERAL INFORMATION | |
| fixed length control field | 190423b ||||| |||| 00| 0 eng d |
| 010 ## - LIBRARY OF CONGRESS CONTROL NUMBER | |
| LC control number | B-013100 |
| 020 ## - INTERNATIONAL STANDARD BOOK NUMBER | |
| Terms of availability | 00.00 |
| International Standard Book Number | 8186562281 |
| 035 ## - SYSTEM CONTROL NUMBER | |
| System control number | B-013100, B-013104 |
| 037 ## - SOURCE OF ACQUISITION | |
| Source of stock number/acquisition | Cen Lib/Ret |
| 040 ## - CATALOGING SOURCE | |
| Original cataloging agency | DPL |
| Language of cataloging | HN |
| Transcribing agency | 0 |
| 082 ## - DEWEY DECIMAL CLASSIFICATION NUMBER | |
| Classification number | 305.560954 |
| Item number | गुप्तारा |
| 100 ## - MAIN ENTRY--PERSONAL NAME | |
| Personal name | गुप्ता, राजेश कुमार |
| 9 (RLIN) | 80145 |
| 245 ## - TITLE STATEMENT | |
| Title | भारत में आरक्षण नीति / |
| Statement of responsibility, etc | राजेश कुमार गुप्ता |
| 246 ## - VARYING FORM OF TITLE | |
| Title proper/short title | Bharat me aarakshan neeti / |
| Remainder of title | by Rajesh Kumar Gupta |
| 260 ## - PUBLICATION, DISTRIBUTION, ETC. (IMPRINT) | |
| Place of publication, distribution, etc | दिल्ली |
| Name of publisher, distributor, etc | मानक पब्लिकेशन्स |
| Date of publication, distribution, etc | 2000 |
| 270 ## - ADDRESS | |
| City | दिल्ली |
| Address | जी-19, विजय चौक, लक्ष्मी नगर |
| Postal code | 110092 |
| 300 ## - PHYSICAL DESCRIPTION | |
| Extent | xii,302पृ. |
| Dimensions | 20सेमी(सजिल्द) |
| 650 ## - SUBJECT ADDED ENTRY--TOPICAL TERM | |
| Topical term or geographic name as entry element | आरक्षण की अवधारणा |
| 9 (RLIN) | 5570 |
| 650 ## - SUBJECT ADDED ENTRY--TOPICAL TERM | |
| Topical term or geographic name as entry element | आरक्षण -- पिछड़े वर्गों की समस्या |
| 9 (RLIN) | 80146 |
| 650 ## - SUBJECT ADDED ENTRY--TOPICAL TERM | |
| Topical term or geographic name as entry element | The concept of reservation |
| 9 (RLIN) | 80147 |
| 650 ## - SUBJECT ADDED ENTRY--TOPICAL TERM | |
| Topical term or geographic name as entry element | Reservation - backward Problem |
| 9 (RLIN) | 80148 |
| 942 ## - ADDED ENTRY ELEMENTS (KOHA) | |
| Source of classification or shelving scheme | Dewey Decimal Classification |
| Koha item type | Hindi Books |
| Classification part | 305.560954 |
| Call number suffix | गुप्तारा |
| Withdrawn status | Lost status | Damaged status | Not for loan | Home library | Current library | Date acquired | Source of acquisition | Cost, normal purchase price | Total Checkouts | Full call number | Barcode | Date last seen | Date checked out | Copy number | Cost, replacement price | Price effective from | Koha item type | Source of classification or shelving scheme | Collection code |
|---|---|---|---|---|---|---|---|---|---|---|---|---|---|---|---|---|---|---|---|
| Central Library | Central Library | 11/09/2015 | Cen Lib/Ret | 0.00 | 2 | 305.560954 गुप्तारा | B-013100 | 05/05/2018 | 21/04/2018 | 1 | 0.00 | 11/09/2015 | Hindi Books | ||||||
| Shahdara Branch | Shahdara Branch | 23/04/2019 | BPPD/PUB | 0.00 | 305.560954 गुप्तारा | B-013104 | 23/04/2019 | 0.00 | 23/04/2019 | Hindi Books | Dewey Decimal Classification | Non-fiction |
